00386nam a22001097a 4500008004100000020001900041050002300060245013300083250001200216260003300228300001500261230307b |||||||| |||| 00| 0 eng d a978-0128126264 aRM301.3b.P43 2019 aPharmacogenomics :bChallenges and opportunities in therapeutic implementation/cEdited by Y. W. Francis Lam & Stuart A. Scott a2nd ed. aLondonbAcademic pressc2019 axvi, 426p.